| 000 | 00463cam a2200157 a 4500 | ||
|---|---|---|---|
| 020 | _a0517146975 | ||
| 040 | _cDLC | ||
| 082 | 0 | 0 | _a823 WIN 1995 A120 Or. |
| 100 | 1 | _aLe Carré, John, | |
| 245 | 1 | 0 |
_aJohn le Carré : _bthree complete novels. |
| 260 |
_aNew York : _bWings Books ; _aAvenel, N.J. : _bDistributed by Random House Value Pub., _c1995. |
||
| 300 |
_a952 p. ; _c24 cm. |
||
| 650 | 0 | _aIntelligence service | |
| 650 | 0 | _aSpy stories, English. | |
| 942 | _cEK | ||
| 999 |
_c16573 _d16573 |
||